Java on the Raspberry Pi (Record no. 114030)

MARC details
000 -LEADER
fixed length control field 00538 a2200169 4500
005 - DATE AND TIME OF LATEST TRANSACTION
control field 20250325113259.0
008 - FIXED-LENGTH DATA ELEMENTS--GENERAL INFORMATION
fixed length control field 250304b |||||||| |||| 00| 0 eng d
020 ## - INTERNATIONAL STANDARD BOOK NUMBER
International Standard Book Number 9781484284308
080 ## - UNIVERSAL DECIMAL CLASSIFICATION NUMBER
Universal Decimal Classification number 004.438JAVA
Item number FLU/J
100 ## - MAIN ENTRY--PERSONAL NAME
Personal name Flurry, Greg
245 ## - TITLE STATEMENT
Title Java on the Raspberry Pi
Remainder of title : develop Java programs to control devices for Robotics, IoT, and beyond
260 ## - PUBLICATION, DISTRIBUTION, ETC. (IMPRINT)
Name of publisher, distributor, etc Apress
Place of publication, distribution, etc Berkeley
Date of publication, distribution, etc 2021
300 ## - PHYSICAL DESCRIPTION
Extent xxi,558p.
653 ## - INDEX TERM--UNCONTROLLED
Uncontrolled term Raspberry Pi (Computer) -- Programming
653 ## - INDEX TERM--UNCONTROLLED
Uncontrolled term Java (Computer program language)
942 ## - ADDED ENTRY ELEMENTS (KOHA)
item type Books
Holdings
Lost status Source of classification or shelving scheme Not for loan Home library Current library Date acquired Cost, normal purchase price Total Checkouts Full call number Barcode Date last seen Cost, replacement price Price effective from Koha item type
  Universal Decimal Classification   University Library University Library 30/12/2024 1279.20   004.438JAVA FLU/J 00096359 30/12/2024 1599.00 30/12/2024 Books
University Library, CUSAT